000 01493nam0a22003251 4500
001 rc\3780153
005 20140711094146.0
021 _aRU
_bРг3192-76
035 _a(NLR Aleph) 007230525
090 _a7725788
_c7725788
100 _a20120207d1975 |||y0rusy50 ca
101 0 _arus
102 _aRU
105 _aa b |||||
200 1 _a[Каталог]
_fКрым. обл. упр. культуры. Крым. организация Союза художников УССР. Обл. худож. выставка, посвящ. 30-летию Победы в Великой Отечественной войне
210 _aСимферополь
_cБ. и.
_d1975
215 _a24 с.
_cил.
_d20
300 _aНа обороте тит. л. сост.: Л.Д. Холкина и Л.К. Ильяшенко
300 _aНа обл. загл.: Подвиг народа бессмертен
512 0 _aПодвиг народа бессмертен
532 1 3 _aКаталог]
702 1 _aХолкина
_bЛ. Д.
_gЛеония Дмитриевна
_4220
702 1 _aИльяшенко
_bЛ. К.
_4220
710 1 2 _aКрымская обл. художественная выставка, посвященная 30-летию победы в Великой Отечественной войне (1975; Симферополь)
801 0 _aRU
_bNLR
_gpsbo
801 1 _aRU
_bELAR
_2rusmarc
852 _aNLR
_bЭ
_jКС379/1975
942 _cBOOK
980 _aNB